000 00611nam a2200229Ia 4500
003 OSt
005 20220925174248.0
006 a|||||r|||| 00| 0
007 ta
008 220923b |||||||| |||| 00| 0 eng d
037 _cGeneral Book
040 _aRTL
_cRTL
_beng
041 _2eng
_aeng
082 _aX9.2.N94<N93r, N4/GD
110 _aJK CORP LTD
_9246407
245 0 _a55th annual report 1993-94.
260 _aCalcutta
_bJKC
_c1994
300 _a35p.
_ccm.
700 _aJK CORP LTD
_9246408
942 _hX9.2.N94<N93r, N4/GD
_cGB
_2CC
999 _c490442
_d490442